Proceedings of an International Symposium Honoring Professor Marcel Pourbaix on his Eightieth Birthday: equilibrium diagrams localized corrosion

I tiakina i:
Ngā taipitopito rārangi puna kōrero
Ngā kaituhi matua: Frankenthal, Robert P (Author), Kruger, Jerome (Author)
Hōputu: Pukapuka
Reo:Ingarihi
I whakaputaina: Pennington The Electrochemical Society 1984
Rangatū:Proceedings, 84-9
Ngā marau:
Ngā Tūtohu: Tāpirihia he Tūtohu
Kāore He Tūtohu, Me noho koe te mea tuatahi ki te tūtohu i tēnei pūkete!

MARC

LEADER 00000nam a2200000 a 4500
001 UCT4031
003 CL-VaPUC
008 961105e19840000US |||||||||||||||||eng|d
082 0 4 |a 541.37  |b FRA  |2 21 
100 0 |a Frankenthal, Robert P  |e author  |9 373124 
700 0 |a Kruger, Jerome  |e author  |9 373125 
245 1 0 |a Proceedings of an International Symposium Honoring Professor Marcel Pourbaix on his Eightieth Birthday: equilibrium diagrams localized corrosion 
300 |a 611 p 
942 |c BK 
945 |d 19961105 00:00:00  |a paguirre 
260 |a Pennington  |b The Electrochemical Society  |c 1984 
650 0 |a Electroquímica  |9 263973 
650 0 |a Reacciones químicas  |9 259438 
650 7 |a ELECTRODOS  |2 CL-VaPUC  |9 306983 
650 7 |a CORROSION  |2 CL-VaPUC  |9 271912 
650 0 |a Metales   |9 260686 
583 |a last modification  |c 20130123 01:34:28  |k Rodrigo Vera 
490 0 |a Proceedings, 84-9 
999 |c 253495  |d 253493 
952 |0 0  |1 0  |4 0  |6 541_370000000000000_FRA_1984  |7 0  |8 A  |9 274374  |a BIBCUR  |b BIBCUR  |d 2019-11-19  |i 1784595  |o 541.37 FRA 1984  |p 1784595  |r 2025-04-22  |w 2019-11-19  |y BK  |k QUI